000
00322nam a2200133Ia 4500
008
240624s9999 xx 000 0 und d
041
_a
eng
082
_a
823 BAJ
100
_a
BAJAJ MANJUL
245
_a
COME BEFORE EVENING FALLS
260
_c
2009
_a
New Delhi
_b
Hachette India
300
_a
238 p.; 23 cm.
365
_c
RS
999
_c
30823
_d
30823